|
|
|
|
| LEADER |
01008nam a2200253 i 4500 |
| 001 |
c000244224 |
| 003 |
CARM |
| 005 |
00000000000000.0 |
| 008 |
840311s1970 nyu 0 eng d |
| 019 |
1 |
|
|a 48826
|5 LACONCORD2021
|
| 035 |
|
|
|a (OCoLC)75958
|5 LACONCORD2021
|
| 082 |
0 |
4 |
|a 320.973
|
| 100 |
1 |
|
|a Scott, Andrew MacKay.
|
| 245 |
1 |
0 |
|a Competition in American politics :
|b an economic model.
|
| 260 |
|
|
|a New York :
|b Holt, Rinehart and Winston,
|c [1970].
|
| 300 |
|
|
|a 134 p.
|
| 500 |
|
|
|a Bibliography: p.123-127.
|
| 650 |
|
0 |
|a Economics.
|
| 651 |
|
0 |
|a United States
|x Politics and government
|y 1945-1989.
|
| 852 |
8 |
|
|b CARM
|h A1:AP03A0
|i A04155
|p 0360385
|f BK
|
| 852 |
8 |
|
|b CARM
|h A1:AO04F0
|i B08206
|p 0401745
|f BK
|
| 999 |
f |
f |
|i 27d0390f-b01c-53df-aaf9-fd9580a7f4e1
|s 0444004e-700c-5792-9608-373dedfb0598
|
| 952 |
f |
f |
|p Can circulate
|a CAVAL
|b CAVAL
|c CAVAL
|d CARM 1 Store
|e B08206
|f A1:AO04F0
|h Other scheme
|i book
|m 0401745
|
| 952 |
f |
f |
|p Can circulate
|a CAVAL
|b CAVAL
|c CAVAL
|d CARM 1 Store
|e A04155
|f A1:AP03A0
|h Other scheme
|i book
|m 0360385
|